| 000 | 00433nam a22001817a 4500 | ||
|---|---|---|---|
| 003 | MPLRDC | ||
| 005 | 20220104184114.0 | ||
| 008 | 210129b ||||| |||| 00| 0 eng d | ||
| 020 | _a957-538-189-0 | ||
| 082 | _a976.41 ZXF | ||
| 100 | _a张雪芳编译 | ||
| 245 |
_a初学社交舞入门 _c |
||
| 250 | _a初版 | ||
| 260 |
_a台湾 _b信宏出版社 _c1999 |
||
| 300 | _b平 | ||
| 650 | _a社交舞 | ||
| 942 |
_cBK _o976.41 ZXF |
||
| 999 |
_c62710 _d62700 |
||